000 01258nam a2200325 a 4500
001 ebr5005052
003 CaPaEBR
006 m u
007 cr cn|||||||||
008 920518s1993 enk sb 001 0 eng
010 _z 92020275
020 _z0415071526
040 _aCaPaEBR
_cCaPaEBR
035 _a(OCoLC)49803298
050 1 4 _aLB3013
_b.L37 1993eb
082 0 4 _a371.1/024
_220
100 1 _aSmith, Colin,
_d1938-
245 1 0 _aEffective classroom management
_h[electronic resource] :
_ba teacher's guide /
_cColin J. Smith and Robert Laslett.
250 _a2nd ed.
260 _aLondon ;
_aNew York :
_bRoutledge,
_c1993.
300 _aix, 153 p.
500 _aLaslett's name appears first on the earlier edition.
504 _aIncludes bibliographical references (p. [144]-149) and indexes.
533 _aElectronic reproduction.
_bPalo Alto, Calif. :
_cebrary,
_d2013.
_nAvailable via World Wide Web.
_nAccess may be limited to ebrary affiliated libraries.
650 0 _aClassroom management.
655 7 _aElectronic books.
_2local
700 1 _aLaslett, Robert.
710 2 _aebrary, Inc.
856 4 0 _uhttp://site.ebrary.com/lib/rucke/Doc?id=5005052
_zAn electronic book accessible through the World Wide Web; click to view
999 _c1517
_d1517